[Event "GER-ch Seniors"]
[Site "Dresden"]
[Date "2012.08.14"]
[Round "6"]
[White "Hensl, Dieter"]
[Black "Reichel, Rolf"]
[Result "1/2-1/2"]
[WhiteElo "1719"]
[BlackElo "1795"]
[PlyCount "70"]
[EventDate "2012.08.09"]
[EventType "swiss"]
[EventRounds "9"]
[EventCountry "GER"]
[SourceTitle "EXT 2014"]
[Source "ChessBase"]
[SourceDate "2013.11.20"]
[SourceVersion "1"]
[SourceVersionDate "2013.11.20"]
[SourceQuality "1"]

1. e4 e5 2. Nf3 Nf6 3. Nxe5 d6 4. Nxf7 Kxf7 5. d4 Be7 6. Bc4+ Kf8 7. Qf3 Nc6 8. c3 Qe8 9. h3 Qh5 10. Qf4 h6 11. f3 g5 12. Qh2 Kg7 13. Be3 Rf8 14. Nd2 a6 15. g4 Qg6 16. Ke2 Ng8 17. Raf1 b5 18. Bd3 Bb7 19. h4 gxh4 20. Rhg1 Kf7 21. f4 Ke8 22. e5 Qf7 23. b3 Nd8 24. c4 bxc4 25. bxc4 Ne6 26. f5 Ng5 27. f6 Nxf6 28. exf6 Bxf6 29. d5 c6 30. dxc6 Bxc6 31. Qxd6 Bd7 32. Bxg5 hxg5 33. Ne4 Qe6 34. Rxf6 Rxf6 35. Qd4 Rf8 1/2-1/2

[Event "GER-ch Seniors"]
[Site "Dresden"]
[Date "2012.08.10"]
[Round "2"]
[White "Hensl, Dieter"]
[Black "Simmchen, Werner"]
[Result "1-0"]
[WhiteElo "1719"]
[BlackElo "1586"]
[PlyCount "120"]
[EventDate "2012.08.09"]
[EventType "swiss"]
[EventRounds "9"]
[EventCountry "GER"]
[SourceTitle "EXT 2014"]
[Source "ChessBase"]
[SourceDate "2013.11.20"]
[SourceVersion "1"]
[SourceVersionDate "2013.11.20"]
[SourceQuality "1"]

1. e4 c5 2. c3 Nc6 3. d4 cxd4 4. cxd4 e6 5. Nf3 a6 6. a3 Nf6 7. Nc3 d5 8. e5 Ne4 9. Bd3 b5 10. Nxe4 dxe4 11. Bxe4 Bb7 12. 0-0 Be7 13. Be3 0-0 14. Rc1 Rc8 15. Qd3 g6 16. b4 Qd7 17. Rfd1 Rfd8 18. Qb3 Kg7 19. d5 exd5 20. Bxd5 Qf5 21. Bxc6 Rxd1+ 22. Rxd1 Bxc6 23. Nd4 Qe4 24. Nxc6 Rxc6 25. Qd3 Qxd3 26. Rxd3 Rc4 27. g3 Kf8 28. Kg2 h5 29. h4 Rc6 30. Bg5 Ke8 31. f4 Bxg5 32. hxg5 Ke7 33. Kh3 Ke6 34. g4 hxg4+ 35. Kxg4 Ke7 36. a4 Rc4 37. axb5 axb5 38. Rb3 Ke6 39. Rb1 Kd5 40. Kf3 Rc3+ 41. Kg4 Kc4 42. Rd1 Kxb4 43. Rd7 Rc6 44. Rxf7 Kc3 45. Rf6 Rc4 46. Rxg6 b4 47. Rb6 b3 48. Rxb3+ Kxb3 49. g6 Rc7 50. f5 Kc4 51. f6 Kd5 52. Kf5 Rc1 53. g7 Rf1+ 54. Kg6 Rg1+ 55. Kh7 Kxe5 56. f7 Ke6 57. f8Q Rh1+ 58. Kg8 Kd7 59. Qf7+ Kd8 60. Qd5+ Ke7 1-0

[Event "GER Seniors Derby 09th"]
[Site "Wesel Undeloh"]
[Date "2010.04.10"]
[Round "5.9"]
[White "Hensl, Dieter"]
[Black "Barth, Hans Joachim"]
[Result "1/2-1/2"]
[WhiteElo "1757"]
[BlackElo "1739"]
[PlyCount "62"]
[EventDate "2010.04.08"]
[EventType "swiss"]
[EventRounds "7"]
[EventCountry "GER"]
[SourceTitle "EXT 2022"]
[Source "ChessBase"]
[SourceDate "2021.10.06"]
[SourceVersion "1"]
[SourceVersionDate "2021.10.06"]
[SourceQuality "1"]

1. e4 g6 2. d4 Bg7 3. Nf3 d6 4. h3 Nf6 5. Bd3 Nbd7 6. c3 e5 7. Be3 0-0 8. 0-0 Re8 9. d5 a5 10. c4 b6 11. Nc3 Nc5 12. Bc2 Nh5 13. g4 Nf4 14. Kh2 g5 15. Ne2 Qf6 16. Nxf4 gxf4 17. Bxc5 bxc5 18. g5 Qg6 19. Qd3 Qh5 20. Nd2 Qxg5 21. Rg1 Qh6 22. Rg2 Kh8 23. Rag1 Bf6 24. Bd1 Rb8 25. b3 Qh4 26. Qf3 Bd7 27. Nb1 a4 28. Nc3 axb3 29. Bxb3 Rg8 30. Rxg8+ Rxg8 31. Rxg8+ Kxg8 1/2-1/2

[Event "GER Seniors Derby 09th"]
[Site "Wesel Undeloh"]
[Date "2010.04.09"]
[Round "4.14"]
[White "Schaedlich, Helmut"]
[Black "Hensl, Dieter"]
[Result "0-1"]
[WhiteElo "1711"]
[BlackElo "1757"]
[PlyCount "58"]
[EventDate "2010.04.08"]
[EventType "swiss"]
[EventRounds "7"]
[EventCountry "GER"]
[SourceTitle "EXT 2022"]
[Source "ChessBase"]
[SourceDate "2021.10.06"]
[SourceVersion "1"]
[SourceVersionDate "2021.10.06"]
[SourceQuality "1"]

1. Nf3 Nf6 2. c4 g6 3. g3 Bg7 4. Bg2 c6 5. d4 0-0 6. Nc3 d5 7. cxd5 cxd5 8. 0-0 Nc6 9. Ne5 Bf5 10. Nxc6 bxc6 11. Na4 Qc8 12. b3 Re8 13. Bb2 Nd7 14. Rc1 Qa6 15. Qd2 e5 16. e3 e4 17. h3 Bf8 18. Qc3 Rac8 19. Nc5 Qb6 20. f4 Be6 21. Bxe4 Bg7 22. Bb1 Nxc5 23. dxc5 Bxc3 24. cxb6 Bxb2 25. Rc2 Ba3 26. bxa7 Bd7 27. b4 Bxb4 28. Rb2 Bc5 29. Rb7 Bxh3 0-1

[Event "GER Seniors Derby 09th"]
[Site "Wesel Undeloh"]
[Date "2010.04.08"]
[Round "1.21"]
[White "Hensl, Dieter"]
[Black "Baum, Horst"]
[Result "1/2-1/2"]
[WhiteElo "1757"]
[BlackElo "1387"]
[PlyCount "34"]
[EventDate "2010.04.08"]
[EventType "swiss"]
[EventRounds "7"]
[EventCountry "GER"]
[SourceTitle "EXT 2022"]
[Source "ChessBase"]
[SourceDate "2021.10.06"]
[SourceVersion "1"]
[SourceVersionDate "2021.10.06"]
[SourceQuality "1"]

1. e4 c5 2. c3 d6 3. d4 cxd4 4. cxd4 e6 5. Nf3 a6 6. Bd3 Nd7 7. Qa4 Qc7 8. Na3 Qb8 9. Be3 b5 10. Qc2 Ngf6 11. h3 Be7 12. Rc1 0-0 13. 0-0 b4 14. Nc4 Bb7 15. Nfd2 Rc8 16. Qb3 a5 17. f4 Ba6 1/2-1/2